000 00304nam a22001337a 4500
008 170504b xxu||||| |||| 00| 0 eng d
020 _a9780314211729
041 _aeng
080 _a34
100 _a14
101 _aSHJ
245 _aINTERNATIONAL ENVIRONMENTAL LAW
_cGURUSWAMY, L.D
942 _2udc
_cBK
999 _c12678
_d12678